| 000 | 01069nam a2200289 i 4500 | ||
|---|---|---|---|
| 001 | 184317 | ||
| 003 | ES-MaACL | ||
| 005 | 20250902225554.0 | ||
| 008 | 150617s2012 sp ado |||| | spa d | ||
| 020 | _a978-84-92937-15-8 | ||
| 080 | _a616-056.43 | ||
| 245 | 0 | 0 |
_aLibro de las enfermedades alérgicas de la Fundación BBVA / _cdirigido por José Manuel Zubeldia, Mª Luisa Baeza, Ignacio Jáuregui, Carlos J. Senent. |
| 250 | _a1ª ed. | ||
| 260 |
_aBilbao : _bFundación BBVA, _c2012. |
||
| 300 |
_a487 p. : _bil. col., gráf., fot. ; _c27 cm. |
||
| 500 | _aGlosario: p. 453-472. | ||
| 500 | _aÍndices. | ||
| 504 | _aReferencias bibliográficas. | ||
| 650 | 0 | 7 |
_aAlergia. _99715 |
| 700 | 1 |
_aZubeldia, José Manuel ( _d1960-) _9157065 |
|
| 710 | 2 |
_aFundación BBVA _94230 |
|
| 852 |
_aES-MaACL _jA-13464 _9 191313 _bR.150833 _cDEPO1 _dOlim: N-6464 _x. enc. cart. _hDonacion: Real Academia Española |
||
| 914 |
_96336 _aReal Academia Española _ednr |
||
| 942 |
_2udc _cMONOGRAFIA |
||
| 999 |
_c184317 _d184317 |
||